Engineering Drawing. (Record no. 3181)

MARC details
005 - DATE AND TIME OF LATEST TRANSACTION
control field 20250621080622.0
020 ## - INTERNATIONAL STANDARD BOOK NUMBER
International Standard Book Number 978-1-25-906288-9
082 ## - DEWEY DECIMAL CLASSIFICATION NUMBER
Classification number LM 604.24 AGR
100 ## - MAIN ENTRY--PERSONAL NAME
Author name AGRAWAL, B.
245 ## - TITLE STATEMENT
Title Engineering Drawing.
250 ## - EDITION STATEMENT
Edition statement 2nd Ed
260 ## - PUBLICATION, DISTRIBUTION, ETC.
Place of publication, distribution, etc. New Delhi,
Name of publisher, distributor, etc. McGraw-Hill,
Date of publication, distribution, etc. 2014.
300 ## - PHYSICAL DESCRIPTION
Extent xxii, 765p.: ill.; figure, table
Other physical details Index
Dimensions 24cm
700 ## - ADDED ENTRY--PERSONAL NAME
Other authors/Editors AGRAWAL, C. M.
856 ## - ELECTRONIC LOCATION AND ACCESS
Link text Access Online Book
Electronic name Engineering Drawing
Path http://www.mhhe.com/angrawal/ed2
942 ## - ADDED ENTRY ELEMENTS (KOHA)
Source of classification or shelving scheme Dewey Decimal Classification
Koha item type Books
Holdings
Date last seen Total checkouts Full call number Barcode Cost, replacement price Price effective from Koha item type Lost status Source of classification or shelving scheme Damaged status Not for loan Withdrawn status Home library Current library Shelving location Date acquired Cost, normal purchase price
06/05/2025   LM 744.422 AGR 00000010767 75000.00 06/03/2025 Books   Dewey Decimal Classification       College of Business Education Main Library College of Business Education Main Library General Collection 07/03/2017 25000.00
06/05/2025   LM 744.422 AGR 00000010783 75000.00 06/03/2025 Books   Dewey Decimal Classification       College of Business Education Main Library College of Business Education Main Library General Collection 07/03/2017 25000.00
06/05/2025   LM 744.422 AGR 00000010784 75000.00 06/03/2025 Books   Dewey Decimal Classification       College of Business Education Main Library College of Business Education Main Library General Collection 07/03/2017 25000.00
06/05/2025   LM 744.422 AGR 00000010785 75000.00 06/03/2025 Books   Dewey Decimal Classification       College of Business Education Main Library College of Business Education Main Library General Collection 07/03/2017 25000.00
06/05/2025   LM 744.422 AGR 00000010786 75000.00 06/03/2025 Books   Dewey Decimal Classification       College of Business Education Main Library College of Business Education Main Library General Collection 07/03/2017 25000.00
06/05/2025   LM 744.422 AGR 00000010787 270000.00 06/03/2025 Books   Dewey Decimal Classification       College of Business Education Main Library College of Business Education Main Library General Collection 06/12/2014 90000.00
06/05/2025   LM 744.422 AGR 00000010788 270000.00 06/03/2025 Books   Dewey Decimal Classification       College of Business Education Main Library College of Business Education Main Library General Collection 06/12/2014 90000.00